00465nam a2200157Ia 450000500170000000800410001708200130005810000170007124500330008826000320012130000130015365000230016694200060018995200970019599900150029220250430053602.0240331s9999 xx 000 0 und d bVAJa891 aVajiragana,H 0aSinhala sahithya rasasvadaya aColombobM.D.Gunasena Books a223 p ., aSinhala Literature cL 001040708LaWERCLbWERCLcSSCd2024-03-31l0o 891.48 VAJp886r2024-03-31w2024-03-31yL c4929d4929